000 00513nam a2200157 a 4500
001 000031328
005 20200930062843.0
008 110620s1935 dr 000 0 spa d
040 _aDO-SdBNP
_bspa
_cBNPHU
082 _axxxx
_bP438v
100 1 _aPérez Ortíz, R.
_qRamón Pérez Ortíz
_957773
245 1 0 _aVértice :
_bTrujillo-Rooservelt-Vincent el Faro de Colón y la confraternidad americana /
_cR. Pérez Ortíz.
260 _aSanto Domingo :
_bCromos,
_c1935.
300 _a72 p. ;
_c18 cm.
049 _aBNPD
999 _c30820
_d30820